| 000 -LEADER |
| fixed length control field |
03118nam a2200253 a 4500 |
| 003 - CONTROL NUMBER IDENTIFIER |
| control field |
AR-BaISA |
| 005 - DATE AND TIME OF LATEST TRANSACTION |
| control field |
20190328104350.0 |
| 007 - PHYSICAL DESCRIPTION FIXED FIELD--GENERAL INFORMATION |
| fixed length control field |
ta |
| 008 - FIXED-LENGTH DATA ELEMENTS--GENERAL INFORMATION |
| fixed length control field |
181116s2018 ag ad||| |||| 00| 0 spa d |
| 020 ## - INTERNATIONAL STANDARD BOOK NUMBER |
| International Standard Book Number |
9789875703322 |
| 040 ## - CATALOGING SOURCE |
| Transcribing agency |
AR-BaISA |
| 082 04 - DEWEY DECIMAL CLASSIFICATION NUMBER |
| Edition number |
22 |
| Classification number |
616.398 C174 |
| 100 10 - MAIN ENTRY--PERSONAL NAME |
| 9 (RLIN) |
1333 |
| Personal name |
Cappelletti, Ana María |
| Relator term |
aut. |
| 245 10 - TITLE STATEMENT |
| Title |
Manual de obesidad: |
| Remainder of title |
encrucijadas y abordajes / |
| Statement of responsibility, etc. |
Ana María Cappelletti, Mónica Katz y colaboradores; Prólogo de Alberto Cormillot |
| 260 ## - PUBLICATION, DISTRIBUTION, ETC. |
| Place of publication, distribution, etc. |
Buenos Aires: |
| Name of publisher, distributor, etc. |
Akadia, |
| Date of publication, distribution, etc. |
2018 |
| 300 ## - PHYSICAL DESCRIPTION |
| Extent |
XXV, 473 p.: |
| Other physical details |
il., tab. |
| 504 ## - BIBLIOGRAPHY, ETC. NOTE |
| Bibliography, etc. note |
Bibliografía al final de cada capítulo |
| 505 ## - FORMATTED CONTENTS NOTE |
| Title |
Ana Cappelletti / El mapa de la obesidad -- |
| -- |
Ana Cappelletti / ¿Obesidad u obesidades?: diagnóstico del paciente con sobrepreso -- |
| -- |
Mónica Katz / Comer o no comer: una cuestión de supervivencia -- |
| -- |
Mónica Katz / El alimento, la trampa del hedonismo de las decisiones -- |
| -- |
Mónica Katz / Emociones, estrés e ingesta -- |
| -- |
Ana Cappelletti / El enigma de la obesidad -- |
| -- |
Patricia Aguirre / El comensal humano -- |
| -- |
Claudia Beltrán Miranda / Genética de la obesidad -- |
| -- |
Mónica Katz / Sistema homeostático energético -- |
| -- |
Martín Viñuales y Martín Giannini / Nada se pierde, todo se transforma: el equilibro energéticoo -- |
| -- |
Graciela {scriptl}lvarez / Microbiota intestinal -- |
| -- |
Ana Cappelletti / El tejido adiposo: un órgano sorprendente -- |
| -- |
Arturo Rolla y Graciela Rubín / Obesidad y resistencia insulínica -- |
| -- |
Graciela Fuente / Diabetes: una enfermedad silenciosa -- |
| -- |
Lisandro García / El hígado en la obesidad -- |
| -- |
Graciela {scriptl}lvarez / Apnea obstructiva del sueño -- |
| -- |
Arturo Rolla, Ana Azarudoglu y Corina Debiaggi / Obesidad y el aparato locomotor -- |
| -- |
Alfredo Ghione Pelayo / Obesidades y cánceres -- |
| -- |
Nancy Buschenbaum e Irina Kovalskys / El sobrepeso y la obesidad en la niñez y adolescencia -- |
| -- |
Ana Cappelletti / Obesidad en la mujer -- |
| -- |
Liliana Medvetzky / Sexualidad y obesidad -- |
| -- |
Mónica Katz / El mercado y la industria de los alimentos -- |
| -- |
Valeria Sol Groisman / La comunicación en la era de la epidemia de obesidad -- |
| -- |
Mónica Katz / Claves en el tratamiento de la obesidad -- |
| -- |
Monica Katz / Nuevas alternativas en el abordaje dietoterapéutico -- |
| -- |
Martín Gianinni y Sergio Rovira / Ejercicioterapia: de la prescripción a la acción -- |
| -- |
Claudia Scharsman / Espejito dime tú: obesidad e imagen corporal -- |
| -- |
María T. Panzitta / Aspectos psicológicos de las obesidades -- |
| -- |
Alicia Marenco / La palabra como alimento -- |
| -- |
Lidia Biagioni / Motivación y cambio: la gran búsqueda -- |
| -- |
Claudio González / Tratamiento farmacológico, un complemento necesario -- |
| -- |
Nicolás Braguinsky / Obesidad y psiquiatría: vínculos clínicos y farmacológicos -- |
| -- |
Ana Cappelletti y Marianela Ackermann / Cirugía bariátrica, una alternativa efectiva -- |
| -- |
Mónica Katz y Marianela Ackermann / Prevención de ganancia de peso en adultos. ¿Realidad u utopía? |
| 650 14 - SUBJECT ADDED ENTRY--TOPICAL TERM |
| 9 (RLIN) |
961 |
| Topical term or geographic name entry element |
Obesidad |
| 650 14 - SUBJECT ADDED ENTRY--TOPICAL TERM |
| 9 (RLIN) |
1332 |
| Topical term or geographic name entry element |
Tratamiento de la obesidad |
| 700 1# - ADDED ENTRY--PERSONAL NAME |
| 9 (RLIN) |
1334 |
| Personal name |
Katz, Mónica |
| Relator term |
aut. |
| 700 1# - ADDED ENTRY--PERSONAL NAME |
| 9 (RLIN) |
384 |
| Personal name |
Cormillot, Alberto |
| Relator term |
prol. |
| 942 ## - ADDED ENTRY ELEMENTS (KOHA) |
| Source of classification or shelving scheme |
|
| Koha item type |
Libros |